| 000 | nam a22 7a 4500 | ||
|---|---|---|---|
| 999 |
_c128539 _d128539 |
||
| 008 | 181112b xxu||||| |||| 00| 0 eng d | ||
| 050 | _aJQ2945.C758 | ||
| 100 |
_aKagwe, Tom [et al.] _943360 |
||
| 245 |
_aConstitution-Making and Human Dignity: _cperspectives from eastern and southern Africa |
||
| 260 |
_aHarare: _bAFCAST, _c2006. |
||
| 300 |
_a60p.; _c21cm. |
||
| 650 |
_aAfrica, East _xConstitution _943361 |
||
| 650 |
_aAfrica Southern _xConstitutions _943362 |
||
| 942 |
_2lcc _cMONOGRAPH |
||